000 00217 a2200097 4500
001 13582
100 _aCrossonan R H
245 _aThe Charm of Politics
260 _aLondon
_bHamish Hamilton
_c
090 _c10584
_d10584
942 _aNUST-CAE
_cM
_c652
999 _c248655
_d248655